Miasta powyżej 10 milionów mieszkańców - nagła śmierć - Statystyki

Ogólne statystyki
  • Ten quiz został rozwiązany 416 razy
    382 od ostatniego zresetowania
  • Średni wynik to 4 z 13
Answers on the Grid
Answers color-coded by a green-red scale on the quiz's grid according to % correct below.
Moskwa
Rzym
Tokio
Warszawa
Kair
Meksyk
Kapsztad
Montreal
Sydney
Sao Paulo
Ankara
Pekin
Stambuł
Buenos Aires
Singapur
Kinszasa
Berlin
Paryż
Barcelona
Bogota
Szanghaj
Manila
Nowy Jork
Osaka
Toronto
Kuala Lumpur
Madryt
Johannesburg
 
Statystyki odpowiedzi
Odpowiedź % Poprawnych
Moskwa
75%
Tokio
63%
Meksyk
49%
Stambuł
40%
Pekin
39%
Kair
37%
Szanghaj
33%
Sao Paulo
32%
Buenos Aires
10%
Kinszasa
9%
Paryż
7%
Bogota
5%
Osaka
4%
Nie znaleziono quizów pasujących do podanych kryteriów
Rozkład punktacji
Procent ludzi z każdym wynikiem
Percentyl według liczby udzielonych odpowiedzi
Twoja historia wyników
Nie rozwiązałeś tego quizu od ostatniego zresetowania